000 00559nam a2200229Ia 4500
003 OSt
005 20220924144511.0
006 a|||||r|||| 00| 0
007 ta
008 220923b |||||||| |||| 00| 0 urd d
024 _a315119
037 _cTextual
040 _aARTS
_cARTS
_burd
041 _2urd
_aurd
082 _aO168,1N42x, M3
100 _aMehmood Kazim
_9217750
245 0 _aDarwazah
260 _c1983
650 _aURDU POETRY
942 _hO168,1N42x, M3
_cTEXL
_2CC
999 _c457266
_d457266